000 00334nam a22001457a 4500
008 210429b ||||| |||| 00| 0 eng d
020 _a9780534556570
041 _aeng
080 _a82
082 _a82
100 _a21
101 _aGJL
245 _aHow Should we Live? An Introduction to Ethics
_cPojman,L.P
942 _2udc
_cBK
999 _c56947
_d56947